000 00280nam a22001217a 4500
008 160518b xxu||||| |||| 00| 0 eng d
020 _a9780073397191
020 _a9780073397191
041 _aeng
080 _a61
245 _aTaking sides:
_cWilliam J. Taverer;
942 _2udc
_cBK
999 _c2204
_d2204